000 00656nam a2200205 a 4500
001 000037940
003 OSt
005 20240316073905.0
008 130311s1994 dr r 000 0 spa d
040 _aDO-SdBNP
_bspa
_cBNPHU
082 _axxxx
_bD542l
100 1 _aDíaz Castillo, Bienvenido
_922529
245 1 0 _aLecturas selectas /
_cBienvenido Díaz Castillo ; prólogo Marcio Veloz Maggiolo.
250 _a6a ed.
260 _aSanto Domingo :
_bPublicaciones del Economato Universitario,
_c1994.
300 _a201 p. ;
_c22 cm.
590 _aInventariado, 2020 /LP
700 1 _aVeloz Maggiolo, Marcio,
_d1936-2021
_epról.
_91104
942 _2ddc
_cLBS1
999 _c37430
_d37430